000 00453nam a2200169Ia 4500
005 20250423100502.0
008 250422s9999 xx 000 0 und d
020 _a978-029-538-0
050 _aLA 1633 .P47/
245 0 _aPerspectives and reflections on nigerian higher education : Festschrift in honour of Ayo Banjo
260 _aIbadan
260 _bSpetrum Books Ltd
260 _c2005
300 _a337 p
650 _aEducation
942 _cBK
999 _c33450
_d33450